000 00389nam a2200157Ia 4500
008 230711s9999||||xx |||||||||||||| ||und||
041 _aENG
082 _a624
_bDO-T
100 _aDomkund Wan
245 0 _aThermodynamics and heat enginers
250 _a3rd
260 _c1991
_aNew Delhi
_bDhanpat Rai & Co.(Pvt.)Ltd.
300 _a1365
650 _aMechanical Engineering
942 _cBK
999 _c1790
_d1790